Normal view
MARC view
- Muhammad Shahroz Sultan (00000319255)
Entry Personal Name
001 - CONTROL NUMBER
- control field: 116679
003 - CONTROL NUMBER IDENTIFIER
- control field: NUST
005 - DATE AND TIME OF LATEST TRANSACTION
- control field: 20230912170023.0
008 - FIXED-LENGTH DATA ELEMENTS
- fixed length control field: 230912|| aca||aabn | a|a d
040 ## - CATALOGING SOURCE
- Original cataloging agency: NUST
- Transcribing agency: NUST
100 ## - HEADING--PERSONAL NAME
- Personal name: Muhammad Shahroz Sultan (00000319255)
670 ## - SOURCE DATA FOUND
- Source citation: Work cat.: (NUST): Muhammad Shahroz Sultan (00000319255), Multi-Objective Optimization Based Approach for Optimal Allocation of Distributed Generation Considering Techno-Economic and Environmental Indices /, 2022
